Promesse /

Tallennettuna:
Bibliografiset tiedot
Päätekijä: Washington, Bryan, (1993- ) (Tekijä)
Muut tekijät: Giammarco, Emanuele (Kääntäjä)
Aineistotyyppi: Kirja
Kieli:italia
Julkaistu: Milano : NN, 2021
Sarja:La stagione
Tagit: Lisää tagi
Ei tageja, Lisää ensimmäinen tagi!

MARC

LEADER 00000nam a2200000 i 4500
001 IT\ICCU\RAV\2129158
003 ItRI
005 20260220162741.0
008 210525s2021 it |||||| |||||1|||||c
015 |2 IT  |a 2023-5768 
020 |a 9791280284037 
040 |b ita  |c NP 
041 7 |a ita  |2 ISO-639-2 
082 |a 813.6  |2 23 
100 1 |a Washington, Bryan,  |d  (1993- )  |0 IT\ICCU\RAVV\694967  |4 aut 
240 1 0 |a Memorial  |9 Washington, Bryan <1993- > 
245 1 0 |a Promesse /  |c Bryan Washington ; traduzione di Emanuele Giammarco. 
260 |a Milano :  |b NN,  |c 2021 
300 |a 346 p. :  |b ill. ;  |c 22 cm 
500 |a In quarta di copertina: eBook disponibile 
700 1 |a Giammarco, Emanuele  |0 IT\ICCU\MODV\665770  |4 trl 
830 3 |a La stagione  |0 IT\ICCU\LO1\1567586 
942 |2 ddc  |c BK  |n 0 
952 |0 0  |1 0  |2 ddc  |4 0  |6 813_600000000000000_WAS_PRO  |7 0  |9 33124  |a RO  |b RO  |d 2026-02-20  |l 0  |o 813.6 WAS PRO  |p 11716  |r 2026-02-20 16:28:47  |w 2026-02-20  |x N80  |y BK 
981 1 |6 z01  |a i   |b xxxe  
982 1 |6 z01  |a n 
999 |c 28783  |d 28783